=LDR 00000nam 2200000 4500 =001 INLIS000000000023537 =005 20130612122208 =008 ***********************************ind** =035 ##$$0010-061300000023537 =041 ##$$a ind =082 ##$$a 331.459 =090 ##$$a 331.459, HAR p =100 ##$$a Hardyastuti, Suhatmini =245 ##$$a Pekerja wanita pada industri rumah tangga sandang di Propinsi Daerah Istimewa Yogyakarta, Suhatmini Hardyastuti, Bambang Hudayana =250 ##$$a Seri Studi Wanita no.6 =260 ##$$a 1991 $b Yogyakarta =300 ##$$a xvii, 132 hlm., ilus., 25 cm =650 ##$$a Pekerja wanita =650 ##$$a Yogyakarta =700 ##$$a Hudayana, Bambang =850 ##$$a NBPNMAT